| 000 | 02285cam a22005174i 4500 | ||
|---|---|---|---|
| 003 | PE-LiUPU | ||
| 005 | 20250731165604.0 | ||
| 008 | 150706s r 000 0 d | ||
| 020 | _a9789972021565 | ||
| 035 | _a(Sirsi) i9789972021565 | ||
| 040 |
_aPE-LiUPU _bspa _cPE-LiUPU _erda |
||
| 049 | _aPRUA | ||
| 082 | 0 | 4 |
_a985 _bM _221 |
| 245 | 0 | 0 |
_aMaravillas del Perú / _cBernardo Roca Rey Miró Quesada, dir. |
| 264 | 1 |
_aLima : _bEmpresa Editora El Comercio, _c2007. |
|
| 300 |
_a255 páginas : _bilustraciones, color ; _c28 centímetros |
||
| 336 |
_atext _2rdacontent |
||
| 337 |
_aunmediated _2rdamedia |
||
| 338 |
_avolume _2rdacarrier |
||
| 505 | 0 | _aDescripción de lugares turísticos de Perú : Machu Picchu -- Chavín de Huántar -- Valle del Colca -- Lineas de Nazca -- Caral -- Kuélap -- Parque Nacional del Huascarán -- Chan Chan -- Cuenca del amazonas -- Choquequirao -- Huacas del sol y la luna -- Ollaytaytambo -- Santuario Nacional Manglares deTumbes -- Sacsayhuamán -- Huaca rajada-Sipán -- Reserva Nacional del Titicaca -- Santuario Nacional de Huayllay -- Reserva Nacional de Paracas -- Parque Nacional del manú. | |
| 526 | _aSEG44 | ||
| 526 | _aSEG26 | ||
| 526 | _aP151 | ||
| 526 | _aP150 | ||
| 526 | _aP149 | ||
| 526 | _aP146 | ||
| 526 | _aP145 | ||
| 526 | _aP126 | ||
| 526 | _aP125 | ||
| 526 | _aP92 | ||
| 526 | _aP75 | ||
| 526 | _aP74 | ||
| 526 | _aP27 | ||
| 526 | _aP15 | ||
| 541 | _g000318; | ||
| 650 | 1 | 4 |
_aParques naturales _zPerú. |
| 650 | 2 | 4 |
_aReservas naturales _zPerú. |
| 700 | 1 |
_aRoca Rey Miró Quesada, Bernardo, _edir. |
|
| 710 | 2 | _aEmpresa Editora el Comercio | |
| 910 |
_cng _d20090327 |
||
| 942 |
_2ddc _cBOOK |
||
| 949 |
_aRC 985 M _wDEWEY _c1 _i59507 _d2015-10-22 _lCCODEBUL1 _mBUL _p20.00 _q2 _r0 _sY _tBOOK _u2015-7-6 _xEDUCACION _zUNKNOWN _0COMPRA _o.CIRCNOTE. No olvidar cambiar la fecha de devolución!!!!!!! _o.STAFF. Colección General |
||
| 994 |
_aC0 _bPEPRU |
||
| 596 | _a1 | ||
| 999 |
_aRC 985 M _wDEWEY _c49071 _i59507 _d49071 _f2021-11-8 _g5 _lRCG _mBUL _p20.00 _q2 _r1 _sY _tBOOK _u2015-7-6 _xBIBLIOTECA _zUNKNOWN _0COMPRA _o.CIRCNOTE. No olvidar cambiar la fecha de devolución!!!!!!! _o.STAFF. Colección General |
||
| 980 |
_81 _gALBERTO SANCHEZ Responsable de Automatización |
||